Countries With Population Under 100,000 - Statistics

General Stats
  • This quiz has been taken 222 times
  • The average score is 10 of 12
Answer Stats
Population Answer % Correct
518 Vatican City
97%
36,297 Monaco
90%
33,642 San Marino
89%
39,584 Liechtenstein
88%
80,088 Andorra
87%
11,396 Tuvalu
86%
12,780 Nauru
85%
18,058 Palau
84%
47,755 Saint Kitts And Nevis
84%
41,996 Marshall Islands
77%
94,298 Antigua And Barbuda
71%
73,040 Dominica
68%
No matching quizzes found
Score Distribution
Percent of People with Each Score
Percentile by Number Answered
Your Score History
You have not taken this quiz